| 000 | 01017nam a2200361 a 4500 | ||
|---|---|---|---|
| 003 | AR-BaBNM | ||
| 005 | 20251128205126.0 | ||
| 008 | 082120s2002 ||||||||||||||000 | spa|| | ||
| 020 | _a950-15-0909-5 | ||
| 040 | _cAR-BaBNM | ||
| 100 | 1 | _aChalon, Jean | |
| 245 | 0 | 0 | _aQuerida María Antonieta |
| 250 | _a1ª ed. | ||
| 260 |
_aBuenos Aires _bVergara _c1989 |
||
| 300 |
_a397 p. _bil. |
||
| 500 | _aRefiere el rol, en el seno de la corte, de las numerosas personalidades femeninas que jugaron un papel principal en el drama de la reina de Francia | ||
| 600 | 0 | 4 | _aMaría Antonieta |
| 600 | 0 | 4 | _aLuis |
| 610 | 2 | 4 | _aCasa de Borbón |
| 610 | 2 | 4 | _aCasa de Austria |
| 650 | 4 | _aBIOGRAFIAS | |
| 650 | 4 | _aHISTORIA MODERNA | |
| 650 | 4 | _aHISTORIA POLITICA | |
| 650 | 4 | _aHISTORIA EUROPEA | |
| 650 | 4 | _aSIGLO DIECIOCHO | |
| 650 | 4 | _aMUJERES | |
| 651 | 4 | _aFrancia | |
| 653 | _aREVOLUCION FRANCESA | ||
| 655 | _aBIOGRAFIAS | ||
| 700 | 1 |
_aMazía, Floreal _etraductor |
|
| 942 | _cBK | ||
| 998 | _cEnrique | ||
| 999 |
_c10091 _d10091 |
||